000 00747naa a2200217 a 4500
001 52984
003 BD-RjUL
005 20211209075906.0
008 161002s1946 ii ||||| |||| 00| 0 ben d
035 _a(BD-RjUL)53104
040 _aBD-RjUL
_bben
_cBD-RjUL
041 _aben
082 _223
_a100
_bTAA 1946
100 _aঠাকুর, রবীন্দ্রনাথ
_9158372
245 1 0 _aঅভিব্যক্তি /
_cরবীন্দ্রনাথ ঠাকুর
260 _aকলিকাতা :
_bবিশ্বভারতী,
_c১৯৪৬ [১৩৫২]
300 _a৫৫ পৃ. ;
_c১৭ সেমি.
650 _aদর্শন
_9158373
650 _aPhilosophy
_9158374
942 _2ddc
_cBK
_01
999 _c52984
_d52984